Practical Guide To Programming And Operations (Record no. 291909)

MARC details
000 -LEADER
fixed length control field 00496nam a2200169Ia 4500
008 - FIXED-LENGTH DATA ELEMENTS--GENERAL INFORMATION
fixed length control field 230718s9999 xx 000 0 und d
041 ## - LANGUAGE CODE
Language code of text/sound track or separate title eng
082 ## - DEWEY DECIMAL CLASSIFICATION NUMBER
Classification number 005.245
Item number ZIL
100 ## - MAIN ENTRY--PERSONAL NAME
Personal name Zilenga D.G.
9 (RLIN) 158039
245 ## - TITLE STATEMENT
Title Practical Guide To Programming And Operations
260 ## - PUBLICATION, DISTRIBUTION, ETC. (IMPRINT)
Date of publication, distribution, etc. 1993
Name of publisher, distributor, etc. Shroff Publishers And Distributors
300 ## - PHYSICAL DESCRIPTION
Extent 243
Accompanying material [OBSOLETE, CAN/MARC] Ref 30 C (3010)
365 ## - TRADE PRICE
Currency code Rs.
Price amount 185.00
500 ## - GENERAL NOTE
Keywords 3O C
700 ## - ADDED ENTRY--PERSONAL NAME
Personal name Zilenga D. G. & Lenzycki
9 (RLIN) 185236
906 ## - LOCAL DATA ELEMENT F, LDF (RLIN)
d B:73518-Jan-1994
c COMP
b 27.75
Holdings
Withdrawn status Lost status Source of classification or shelving scheme Reference No Damaged status Not for loan Home library Current library Date acquired Vendor Budget Code Cost, normal purchase price Bill number Full call number Barcode Date last seen Discount Cost, replacement price Bill Date Koha item type Original Barcode
    Dewey Decimal Classification Ref 30 C (3010)   Reference Cummins College of Engineering for Women Pune Cummins College of Engineering for Women Pune 24/01/1994 Pradeep Book Distributors COMP 157.25 735 005.245 CCEP-BK-3010 18/07/2023 27.75 185.00 18/01/1994 Books 003010